000 01021nac a22003011i 4500
003 EG-ScBUE
005 20250310093302.0
008 250310t2006 si a f b 001 0 eng d
020 _a9789812566928
020 _a9812566929 (pbk.)
035 _a(OCoLC)ocm70252479
040 _aEG-ScBUE
_beng
_erda
_cEG-ScBUE
_dEG-ScBUE
082 0 4 _a530.12
_bMUL
_222
100 1 _aMuller -Kirsten, H. J.,
_eauthor.
245 1 0 _aIntroduction to quantum mechanics :
_bSchrodinger equation and path integral /
_cHarald J.W. Muller-Kirsten.
264 1 _aSingapore :
_bWorld Scientific,
_c[2006]
264 4 _cc2006
300 _axix, 805 pages :
_billustrations ;
_c25 cm
336 _2rdacontent
_atext
_btxt
337 _aunmediated
_2rdamedia
_bn
338 _avolume
_bnc
_2rdacarrier
500 _aDistributer: Al-Ahram.
504 _aIncludes bibliographical references and index.
650 7 _aQuantum theory
_xMathematics.
_2BUEsh
650 7 _aPath integrals.
_2BUEsh
655 _vReading book
942 _cBB
_2ddc
999 _c8361
_d8361